000 00396nam a22001697a 4500
005 20251003145723.0
020 _a978-93-695-8074-3
041 _aEnglish
082 _a001 R25 CHA
100 _aChaudhary Ashish
245 _aEthics Integrity & Aptitude Civil Service Examination
250 _a1
260 _aNew Delhi
_bS.Chand
_c2025
300 _a176
365 _b350.00
942 _cBK
999 _c176293
_d176293